<?xml version="1.0" encoding="UTF-8"?>
<collection xmlns="http://www.loc.gov/MARC21/slim">
 <record>
  <leader>00895cam a2200277 7i4500</leader>
  <controlfield tag="001">0000056895</controlfield>
  <controlfield tag="005">20190830090000.0</controlfield>
  <controlfield tag="007">  Monographs</controlfield>
  <controlfield tag="008">190830                          eng</controlfield>
  <datafield tag="020" ind1="0" ind2="0">
   <subfield code="a">9781259921810 (pbk.) </subfield>
  </datafield>
  <datafield tag="040" ind1=" " ind2=" ">
   <subfield code="a">TSAM</subfield>
  </datafield>
  <datafield tag="090" ind1="0" ind2="0">
   <subfield code="a">HF5415.15 </subfield>
   <subfield code="b">STE 2018</subfield>
  </datafield>
  <datafield tag="100" ind1="1" ind2="0">
   <subfield code="a">Stevenson, William J. </subfield>
   <subfield code="e">author </subfield>
  </datafield>
  <datafield tag="245" ind1="1" ind2="0">
   <subfield code="a">Operations management  </subfield>
   <subfield code="c">William J. Stevenson.</subfield>
  </datafield>
  <datafield tag="250" ind1="0" ind2="0">
   <subfield code="a">Thirteenth Edition.</subfield>
  </datafield>
  <datafield tag="264" ind1=" " ind2="1">
   <subfield code="a">Boston: </subfield>
   <subfield code="b">McGraw-Hill/Irwin, </subfield>
   <subfield code="c">2018.</subfield>
  </datafield>
  <datafield tag="264" ind1=" " ind2="4">
   <subfield code="a">♭2018.</subfield>
  </datafield>
  <datafield tag="300" ind1=" " ind2=" ">
   <subfield code="a">xxxi, 890 pages: </subfield>
   <subfield code="b">colors, illustrations; </subfield>
   <subfield code="c">29 cm.</subfield>
  </datafield>
  <datafield tag="336" ind1=" " ind2=" ">
   <subfield code="a">text</subfield>
   <subfield code="2">rdacontent</subfield>
  </datafield>
  <datafield tag="337" ind1=" " ind2=" ">
   <subfield code="a">unmediated</subfield>
   <subfield code="2">rdamedia</subfield>
  </datafield>
  <datafield tag="338" ind1=" " ind2=" ">
   <subfield code="a">volume</subfield>
   <subfield code="2">rdacarrier</subfield>
  </datafield>
  <datafield tag="440" ind1="0" ind2="4">
   <subfield code="a">The McGraw-Hill/Irwin series operations and decision sciences</subfield>
  </datafield>
  <datafield tag="501" ind1="0" ind2="0">
   <subfield code="a">AUP</subfield>
  </datafield>
  <datafield tag="504" ind1="0" ind2="0">
   <subfield code="a">Includes bibliographical references and index</subfield>
  </datafield>
  <datafield tag="650" ind1="0" ind2="0">
   <subfield code="a">Production management </subfield>
  </datafield>
  <datafield tag="856" ind1=" " ind2=" ">
   <subfield code="u">http://www.mheducation.com/highered</subfield>
  </datafield>
 </record>
</collection>
